000 00874pam a2200277 i 4500
001 1745934
003 NUST-PNEC
005 20170116180712.0
008 751230s1977 nyua b 001 0 eng
010 _a 75045399
020 _a0070485119
040 _cPNEC
050 0 0 _aTJ1320
_b.S74
082 0 0 _a621.88 PAR
100 _9597
_aParmley, Robert O.
245 0 0 _aStandard handbook of fastening and joining /
_cRobert O. Parmley, editor-in-chief.
260 _aNew York :
_bMcGraw-Hill,
_cc1977.
300 _aca. 650 p. in various pagings :
_bill. ;
_c24 cm.
504 _aIncludes bibliographical references and index.
650 0 _aFasteners
_xHandbooks, manuals, etc.
650 0 _aJoints (Engineering)
_xHandbooks, manuals, etc.
690 _xME
700 1 _aParmley, Robert O.
906 _a7
_bcbc
_corignew
_d1
_eocip
_f19
_gy-gencatlg
942 _2ddc
_cBK
999 _c61017
_d61017